000
00294nam a22001337a 4500
003
OSt
005
20160727222411.0
008
160624b xxu||||| |||| 00| 0 eng d
040
_c
Test
100
_9
1001
_a
Townsend, J.R
245
_a
Rob's Place
260
_a
Eng
_b
Penguin
_c
1987
942
_2
ddc
_c
BK
999
_c
798
_d
798